Salaries under the spotlight (Record no. 74378)
[ view plain ]
| 000 -LEADER | |
|---|---|
| fixed length control field | 01483cab a2200253 4500 |
| 001 - CONTROL NUMBER | |
| control field | ABS67763 |
| 008 - FIXED-LENGTH DATA ELEMENTS--GENERAL INFORMATION | |
| fixed length control field | 040426n2004 000 0 eng u |
| 035 ## - SYSTEM CONTROL NUMBER | |
| System control number | (Sirsi) u125999 |
| 100 ## - MAIN ENTRY--PERSONAL NAME | |
| Personal name | Dobie, A. |
| 245 ## - TITLE STATEMENT | |
| Title | Salaries under the spotlight |
| 260 ## - PUBLICATION, DISTRIBUTION, ETC. | |
| Date of publication, distribution, etc. | 2004 |
| 490 ## - SERIES STATEMENT | |
| Series statement | RICS Business |
| Volume/sequential designation | April 2004, 20-22(3) |
| 520 ## - SUMMARY, ETC. | |
| Summary, etc. | Presents some of the key findings of "The 2004 RICS and Macdonald and Company salary and benefits survey" (J125517). It reports that the average salary of property professionals has risen by 8.2% over 2003 to £36 567 excluding bonuses and other benefits. Looks at the gender divide in terms of salary, geographical pay differentials, pay rises and bonuses. Compares surveyors' salaries and benefits with those of accountants. New questions in the 2004 survey concerned what first attracted those surveyed to the property profession, hours worked, their confidence in the economic outlook. Graphs and tables cover average salary by age, level of responsibility and geographic location and also bonuses and benefits. |
| 590 ## - LOCAL NOTE (RLIN) | |
| Local note | ABS |
| 650 ## - SUBJECT ADDED ENTRY--TOPICAL TERM | |
| Topical term or geographic name entry element | SURVEYORS |
| 650 ## - SUBJECT ADDED ENTRY--TOPICAL TERM | |
| Topical term or geographic name entry element | BONUSES |
| 650 ## - SUBJECT ADDED ENTRY--TOPICAL TERM | |
| Topical term or geographic name entry element | RICS SALARY AND BENEFITS SURVEYS |
| 650 ## - SUBJECT ADDED ENTRY--TOPICAL TERM | |
| Topical term or geographic name entry element | ACCOUNTANCY |
| 650 ## - SUBJECT ADDED ENTRY--TOPICAL TERM | |
| Topical term or geographic name entry element | BENEFITS |
| 650 ## - SUBJECT ADDED ENTRY--TOPICAL TERM | |
| Topical term or geographic name entry element | PROPERTY PROFESSIONALS |
| 690 ## - LOCAL SUBJECT ADDED ENTRY--TOPICAL TERM (OCLC, RLIN) | |
| Topical term or geographic name as entry element | MANAGEMENT-BUSINESS MANAGEMENT-PROFESSIONAL PRACTICE |
| 856 ## - ELECTRONIC LOCATION AND ACCESS | |
| Uniform Resource Identifier | <a href="https://www.macdonaldandcompany.com/document_uploaded/Salary%20Survey%202004.pdf ">https://www.macdonaldandcompany.com/document_uploaded/Salary%20Survey%202004.pdf </a> |
| Public note | View survey on Macdonald and company website... |
| 942 ## - ADDED ENTRY ELEMENTS (KOHA) | |
| Suppress in OPAC | 0 |
| Withdrawn status | Lost status | Source of classification or shelving scheme | Damaged status | Not for loan | Home library | Current library | Shelving location | Date acquired | Total Checkouts | Full call number | Barcode | Date last seen | Copy number | Price effective from | Koha item type |
|---|---|---|---|---|---|---|---|---|---|---|---|---|---|---|---|
| Dewey Decimal Classification | London | London | Journals | 26/04/2004 | ABS67763 | 125999-1001 | 06/08/2019 | 1 | 06/08/2019 | Journal article | |||||
| Dewey Decimal Classification | Virtual | Virtual | Online | 06/05/2004 | ONLINE PUBLICATION | 125999-2001 | 06/08/2019 | 1 | 06/08/2019 | Journal article |